Statistics for Provinces in China

Click here to take the quiz!

General Stats

  • This quiz has been taken 7 times
    (4 since last reset)
  • The average score is 16 of 22

Answer Stats

Provinces% Correct
Guangdong
100%
Heilongjiang
100%
Anhui
75%
Fujian
75%
Gansu
75%
Guizhou
75%
Hainan
75%
Hebei
75%
Henan
75%
Hubei
75%
Hunan
75%
Jiangsu
75%
Jiangxi
75%
Jilin
75%
Liaoning
75%
Qinghai
75%
Shaanxi
75%
Shandong
75%
Shanxi
75%
Sichuan
75%
Zhejiang
75%
Yuna
0%

Score Distribution

Percentile by Number Answered

Percent of People with Each Score

Your Score History

You have not taken this quiz since the last reset